000 00839nam a2200217Ia 4500
001 16470
003 GE_BSU
008 181216s||||||||xx |||||||||||||| ||und||
040 _cGE_BSU
245 _aგანათლებისათვის=Enliqhtening N1,ივნისი.2011
245 _bპედაგოგებისათვის,ადმინისტრირებისათვის,მშობლებისათვის
245 _cრედ.-გამომც.:ნ.ჭაჭიაშვილი
260 _aთბილისი
260 _bშპს.არტლაინსი
260 _c2011
300 _a87გვ;ილ;28სმ.
541 _h6ლ.
653 _aგანათლებისათვის=Enliqhtening
653 _aპედაგოგიკა
942 _cCR
999 _c49541
_d49541